000 00771nam a2200217 i 4500
001 30680
003 ES-MaACL
005 20230906154233.0
007 t|
008 030127s1960 sp ||||1| spa d
110 2 _aInternational Correspondence Schools.
_95267
245 1 0 _aBaterias y convertidores de potencia.
250 _a[1ª ed.].
260 _aMadrid, etc. :
_bEscuelas Internacionales,
_c1960.
300 _a68 p. :
_b1 gráf. pleg., il. ;
_c19 cm.
490 1 _aEscuelas Internacionales (International Correspondence Schools System) ;
_v7274
650 0 4 _aPilas eléctricas.
_915999
830 0 _aEscuelas Internacionales (International Correspondence Schools System) ;
_v7274
_9182045
852 _aES-MaACL
_jC-19715
_bR.45881
999 _c30680
_d30680